[Event "Kstovo Kichigin Memorial op 5th"]
[Site "Kstovo"]
[Date "2015.01.22"]
[Round "7"]
[White "Svetlov, Dmitry"]
[Black "Krivonogov, Alexander"]
[Result "1/2-1/2"]
[WhiteElo "2390"]
[BlackElo "2332"]
[PlyCount "36"]
[EventDate "2015.01.16"]
[EventType "swiss"]
[EventRounds "9"]
[EventCountry "RUS"]
[SourceTitle "CBM 164 Extra"]
[Source "ChessBase"]
[SourceDate "2015.03.02"]
[SourceVersion "1"]
[SourceVersionDate "2015.03.02"]
[SourceQuality "1"]

1. Nf3 Nf6 2. c4 e6 3. g3 b6 4. Bg2 Bb7 5. 0-0 c5 6. d4 cxd4 7. Qxd4 Bc5 8. Qf4 h6 9. Nc3 g5 10. Qd2 Qe7 11. Nb5 d5 12. Ne5 a6 13. Nc3 dxc4 14. Nxc4 Bxg2 15. Kxg2 b5 16. Ne5 Qb7+ 17. f3 Nc6 18. Nd3 Bd4 1/2-1/2

[Event "Kstovo Kichigin Memorial op 5th"]
[Site "Kstovo"]
[Date "2015.01.21"]
[Round "6"]
[White "Krivonogov, Alexander"]
[Black "Teterin, Sergey"]
[Result "1-0"]
[WhiteElo "2332"]
[BlackElo "1989"]
[PlyCount "47"]
[EventDate "2015.01.16"]
[EventType "swiss"]
[EventRounds "9"]
[EventCountry "RUS"]
[SourceTitle "CBM 164 Extra"]
[Source "ChessBase"]
[SourceDate "2015.03.02"]
[SourceVersion "1"]
[SourceVersionDate "2015.03.02"]
[SourceQuality "1"]

1. d4 d5 2. c4 e6 3. Nc3 Be7 4. g3 Nf6 5. Bg2 0-0 6. Nf3 Ne4 7. Qb3 c6 8. 0-0 Nd6 9. c5 Ne8 10. e4 b6 11. cxb6 axb6 12. Re1 Nd6 13. Ne5 b5 14. Nd3 Nc4 15. Bf4 Nd7 16. a3 Bf6 17. e5 Be7 18. Nb4 Qb6 19. Rad1 Bb7 20. h4 c5 21. dxc5 Bxc5 22. Nd3 Be7 23. Qc2 Nc5 24. Nb4 1-0

[Event "Kstovo Kichigin Memorial op 5th"]
[Site "Kstovo"]
[Date "2015.01.19"]
[Round "4"]
[White "Gorozhanin, Mikhail"]
[Black "Krivonogov, Alexander"]
[Result "1/2-1/2"]
[WhiteElo "2352"]
[BlackElo "2332"]
[PlyCount "29"]
[EventDate "2015.01.16"]
[EventType "swiss"]
[EventRounds "9"]
[EventCountry "RUS"]
[SourceTitle "CBM 164 Extra"]
[Source "ChessBase"]
[SourceDate "2015.03.02"]
[SourceVersion "1"]
[SourceVersionDate "2015.03.02"]
[SourceQuality "1"]

1. d4 Nf6 2. Bf4 g6 3. e3 Bg7 4. Nf3 d6 5. h3 c5 6. Nbd2 Nbd7 7. Be2 b6 8. 0-0 Bb7 9. Qb1 Qc7 10. Bh2 0-0 11. c3 Rfe8 12. a4 e5 13. dxe5 Nxe5 14. Nxe5 dxe5 15. Rd1 1/2-1/2

[Event "PriFO op active"]
[Site "Togliatti"]
[Date "2014.03.23"]
[Round "3"]
[White "Krivonogov, Alexander"]
[Black "Kharlov, Andrei"]
[Result "1/2-1/2"]
[WhiteElo "2327"]
[BlackElo "2474"]
[PlyCount "103"]
[EventDate "2014.03.23"]
[EventType "swiss"]
[EventRounds "7"]
[EventCountry "RUS"]
[SourceTitle "EXT 2016"]
[Source "ChessBase"]
[SourceDate "2015.10.08"]
[SourceVersion "1"]
[SourceVersionDate "2015.10.08"]
[SourceQuality "1"]

1. d4 d5 2. Nf3 Nf6 3. Bf4 c5 4. c3 Qb6 5. Qb3 Nc6 6. e3 c4 7. Qc2 Bf5 8. Qc1 h6 9. h3 e6 10. Nbd2 Qa5 11. Be2 b5 12. a3 Be7 13. 0-0 0-0 14. Ne5 Qb6 15. f3 Nxe5 16. Bxe5 Nd7 17. Bg3 e5 18. Bd1 exd4 19. exd4 Qg6 20. Kh2 Rfe8 21. f4 Bd3 22. Rg1 Bd6 23. Nf3 f6 24. a4 b4 25. a5 b3 26. a6 Bc7 27. Nh4 Qh7 28. Bg4 Nb6 29. Re1 g5 30. Nf3 Be4 31. Bh5 Bg6 32. Bxg6 Qxg6 33. fxg5 Bxg3+ 34. Kxg3 hxg5 35. Qd2 Re4 36. Kh2 Rae8 37. Qf2 Qf5 38. Qg3 Qf4 39. Qxf4 gxf4 40. Rxe4 Rxe4 41. Ng1 Kf7 42. g4 Re3 43. Kg2 f5 44. Kf2 fxg4 45. hxg4 Kf6 46. Nf3 Nc8 47. Rh1 Nd6 48. Rh6+ Ke7 49. Rh7+ Ke6 50. Rh6+ Ke7 51. Rh7+ Ke6 52. Rh6+ 1/2-1/2

[Event "Volga Region-ch 12th"]
[Site "Togliatti"]
[Date "2014.03.22"]
[Round "9"]
[White "Rudometov, Maxim"]
[Black "Krivonogov, Alexander"]
[Result "1/2-1/2"]
[WhiteElo "2247"]
[BlackElo "2343"]
[PlyCount "80"]
[EventDate "2014.03.14"]
[EventType "swiss"]
[EventRounds "9"]
[EventCountry "RUS"]
[SourceTitle "CBM 159 Extra"]
[Source "ChessBase"]
[SourceDate "2014.04.24"]
[SourceVersion "1"]
[SourceVersionDate "2014.04.24"]
[SourceQuality "1"]

1. c4 c5 2. Nf3 g6 3. Nc3 Bg7 4. d4 cxd4 5. Nxd4 Nc6 6. e3 Nf6 7. Be2 d5 8. 0-0 0-0 9. cxd5 Nxd5 10. Nxd5 Qxd5 11. Bf3 Qc5 12. Nxc6 bxc6 13. Qa4 Rb8 14. Rb1 Rb4 15. Qxc6 Qxc6 16. Bxc6 Bf5 17. e4 Bxe4 18. Bxe4 Rxe4 19. Rd1 Re2 20. Kf1 Rc2 21. Be3 Bxb2 22. Rd7 a5 23. Rxe7 Bf6 24. Ra7 Rxa2 25. g3 Ra1 26. Rxa1 Bxa1 27. Rxa5 Bg7 28. Kg2 h5 29. h4 Rc8 30. Ra2 Bf6 31. Rd2 Kg7 32. Ra2 Rc7 33. Rd2 Rb7 34. Ra2 Kh7 35. Rd2 Bg7 36. Ra2 Rd7 37. Rc2 Rb7 38. Ra2 Kg8 39. Rc2 Rd7 40. Ra2 Kh7 1/2-1/2

[Event "Volga Region-ch 12th"]
[Site "Togliatti"]
[Date "2014.03.21"]
[Round "8"]
[White "Krivonogov, Alexander"]
[Black "Karavaev, Vladimir"]
[Result "0-1"]
[WhiteElo "2343"]
[BlackElo "2481"]
[PlyCount "89"]
[EventDate "2014.03.14"]
[EventType "swiss"]
[EventRounds "9"]
[EventCountry "RUS"]
[SourceTitle "CBM 159 Extra"]
[Source "ChessBase"]
[SourceDate "2014.04.24"]
[SourceVersion "1"]
[SourceVersionDate "2014.04.24"]
[SourceQuality "1"]

1. d4 Nf6 2. c4 g6 3. Nc3 d5 4. cxd5 Nxd5 5. e4 Nxc3 6. bxc3 Bg7 7. Bc4 c5 8. Ne2 cxd4 9. cxd4 Nc6 10. Be3 Qa5+ 11. Bd2 Qd8 12. Be3 Qa5+ 13. Bd2 Qa3 14. Rb1 0-0 15. 0-0 Qd6 16. Bf4 Qd8 17. d5 Ne5 18. Bb3 b6 19. Bxe5 Bxe5 20. f4 Bg7 21. e5 Bb7 22. Qd3 Rc8 23. Rbd1 Kh8 24. Ng3 Qc7 25. Ne4 f6 26. Qh3 b5 27. Kh1 Qb6 28. f5 gxf5 29. Rxf5 fxe5 30. Ng5 Qg6 31. Rxf8+ Rxf8 32. Ne6 Rg8 33. Qe3 Bf6 34. Rg1 a6 35. Qb6 Bc8 36. Nd8 Bh3 37. Nf7+ Qxf7 38. gxh3 Rxg1+ 39. Qxg1 Bh4 40. Qd1 Qf2 41. Bc2 Bg5 42. Qg1 Qxc2 43. Qxg5 Qb1+ 44. Kg2 Qg6 45. h4 0-1

[Event "Nizhnij Novgorod Region-ch"]
[Site "Nizhnij Novgorod"]
[Date "2013.??.??"]
[Round "2"]
[White "Krivonogov, Alexander"]
[Black "Kudriashov, Alexander"]
[Result "1/2-1/2"]
[WhiteElo "2316"]
[BlackElo "2156"]
[PlyCount "90"]
[EventDate "2013.10.19"]
[EventType "swiss"]
[EventRounds "9"]
[EventCountry "RUS"]
[SourceTitle "EXT 2014"]
[Source "ChessBase"]
[SourceDate "2013.11.20"]
[SourceVersion "1"]
[SourceVersionDate "2013.11.20"]
[SourceQuality "1"]

1. d4 c5 2. d5 e5 3. e4 d6 4. Nc3 Be7 5. Nf3 Nd7 6. a4 Ngf6 7. Nd2 0-0 8. Nc4 Ne8 9. Be2 Bg5 10. 0-0 Bxc1 11. Qxc1 Qe7 12. f4 exf4 13. Qxf4 f6 14. a5 Ne5 15. Nxe5 fxe5 16. Qxf8+ Qxf8 17. Rxf8+ Kxf8 18. Ra3 Ke7 19. Rb3 Nf6 20. Kf2 Rb8 21. Ke3 Bd7 22. h3 Kd8 23. Bb5 Ne8 24. Bxd7 Kxd7 25. a6 Kc8 26. Nb5 bxa6 27. Nxa7+ Kc7 28. Rxb8 Kxb8 29. Nc6+ Kc7 30. Na5 Nf6 31. Nc4 Nh5 32. Kf3 Kd7 33. h4 Nf6 34. Ne3 g6 35. g4 h5 36. gxh5 gxh5 37. Nf5 Kc7 38. Ng3 Kd7 39. Ke2 Kc7 40. Kd3 Kb7 41. Kc3 Kc7 42. Kb3 Kb7 43. Ka4 Kb6 44. c3 a5 45. Kb3 Kb5 1/2-1/2

[Event "Nizhnij Novgorod Region-ch"]
[Site "Nizhnij Novgorod"]
[Date "2013.??.??"]
[Round "3"]
[White "Zakharov, Aleksej"]
[Black "Krivonogov, Alexander"]
[Result "1/2-1/2"]
[WhiteElo "2335"]
[BlackElo "2316"]
[PlyCount "26"]
[EventDate "2013.10.19"]
[EventType "swiss"]
[EventRounds "9"]
[EventCountry "RUS"]
[SourceTitle "EXT 2014"]
[Source "ChessBase"]
[SourceDate "2013.11.20"]
[SourceVersion "1"]
[SourceVersionDate "2013.11.20"]
[SourceQuality "1"]

1. e4 c5 2. Nf3 g6 3. d4 cxd4 4. Qxd4 Nf6 5. e5 Nc6 6. Qa4 Nd5 7. Qe4 Nb6 8. Bf4 Bg7 9. Nc3 d5 10. exd6 Bf5 11. dxe7 Bxc3+ 12. bxc3 Bxe4 13. exd8Q+ Rxd8 1/2-1/2

[Event "Kstovo op"]
[Site "Kstovo"]
[Date "2012.09.15"]
[Round "8"]
[White "Krivonogov, Alexander"]
[Black "Stepanushkin, Alexander"]
[Result "1/2-1/2"]
[WhiteElo "2297"]
[BlackElo "1943"]
[PlyCount "22"]
[EventDate "2012.09.08"]
[EventType "swiss"]
[EventRounds "9"]
[EventCountry "RUS"]
[SourceTitle "EXT 2013"]
[Source "ChessBase"]
[SourceDate "2012.11.22"]
[SourceVersion "1"]
[SourceVersionDate "2012.11.22"]
[SourceQuality "1"]

1. Nf3 Nf6 2. g3 g6 3. Bg2 Bg7 4. 0-0 0-0 5. d4 d5 6. c4 dxc4 7. Ne5 c5 8. dxc5 Qc7 9. Nxc4 Qxc5 10. Nba3 Nc6 11. Bd2 Rd8 1/2-1/2

[Event "Kstovo op"]
[Site "Kstovo"]
[Date "2012.09.13"]
[Round "6"]
[White "Krivonogov, Alexander"]
[Black "Rozkov, Nikolai"]
[Result "1/2-1/2"]
[WhiteElo "2297"]
[BlackElo "2422"]
[PlyCount "28"]
[EventDate "2012.09.08"]
[EventType "swiss"]
[EventRounds "9"]
[EventCountry "RUS"]
[SourceTitle "EXT 2013"]
[Source "ChessBase"]
[SourceDate "2012.11.22"]
[SourceVersion "1"]
[SourceVersionDate "2012.11.22"]
[SourceQuality "1"]

1. d4 d5 2. c4 c6 3. cxd5 cxd5 4. Nc3 Nf6 5. Nf3 Nc6 6. Bf4 e6 7. e3 Bd6 8. Bxd6 Qxd6 9. Bd3 0-0 10. 0-0 e5 11. dxe5 Nxe5 12. Nxe5 Qxe5 13. h3 Bf5 14. Bxf5 Qxf5 1/2-1/2

[Event "Nizhnij Novgorod Dubinin Memorial 19th"]
[Site "Nizhnij Novgorod"]
[Date "2012.01.??"]
[Round "4"]
[White "Bodyagin, Anton"]
[Black "Krivonogov, Alexander"]
[Result "1/2-1/2"]
[WhiteElo "1854"]
[BlackElo "2281"]
[PlyCount "27"]
[EventDate "2012.01.??"]
[EventType "swiss"]
[EventRounds "9"]
[EventCountry "RUS"]
[SourceTitle "EXT 2015"]
[Source "ChessBase"]
[SourceDate "2014.11.20"]
[SourceVersion "1"]
[SourceVersionDate "2014.11.20"]
[SourceQuality "1"]

1. Nf3 d6 2. d4 Bg4 3. c4 Nf6 4. Nc3 Nbd7 5. e4 e5 6. Be2 Be7 7. 0-0 0-0 8. Be3 c6 9. Rc1 Re8 10. d5 c5 11. a3 Nf8 12. b4 b6 13. h3 Bxf3 14. Bxf3 1/2-1/2

[Event "Nizhnij Novgorod Dubinin Memorial 19th"]
[Site "Nizhnij Novgorod"]
[Date "2012.01.??"]
[Round "2"]
[White "Tarasov, Valery"]
[Black "Krivonogov, Alexander"]
[Result "1/2-1/2"]
[WhiteElo "1951"]
[BlackElo "2281"]
[PlyCount "40"]
[EventDate "2012.01.??"]
[EventType "swiss"]
[EventRounds "9"]
[EventCountry "RUS"]
[SourceTitle "EXT 2015"]
[Source "ChessBase"]
[SourceDate "2014.11.20"]
[SourceVersion "1"]
[SourceVersionDate "2014.11.20"]
[SourceQuality "1"]

1. Nf3 Nf6 2. d4 g6 3. Nc3 d5 4. Bg5 Bg7 5. Bxf6 Bxf6 6. e4 dxe4 7. Nxe4 Bg7 8. Bc4 0-0 9. 0-0 c6 10. c3 b5 11. Bb3 a5 12. Re1 a4 13. Bc2 Be6 14. Nc5 Bd5 15. Be4 Bxe4 16. Rxe4 Nd7 17. Nxd7 Qxd7 18. Qe2 e6 19. Ne5 Qd5 20. Nd3 Rfd8 1/2-1/2

[Event "Kstovo"]
[Site "Kstovo"]
[Date "2011.09.10"]
[Round "9"]
[White "Teterin, Sergey"]
[Black "Krivonogov, Alexander"]
[Result "0-1"]
[WhiteElo "2094"]
[BlackElo "2246"]
[PlyCount "48"]
[EventDate "2011.09.03"]
[EventType "tourn"]
[EventRounds "9"]
[EventCountry "RUS"]
[SourceTitle "EXT 2013"]
[Source "ChessBase"]
[SourceDate "2012.11.22"]
[SourceVersion "1"]
[SourceVersionDate "2012.11.22"]
[SourceQuality "1"]

1. e4 Nf6 2. Nc3 d5 3. e5 Nfd7 4. f4 e6 5. Nf3 c5 6. Be2 Nc6 7. 0-0 a6 8. a4 Be7 9. Kh1 b6 10. d4 g6 11. Be3 Bb7 12. Qd2 Qc7 13. Nd1 cxd4 14. Nxd4 Nc5 15. Nf2 Rc8 16. g4 Ne4 17. Nxe4 dxe4 18. Nb3 Nb4 19. c4 Nd3 20. Kg1 Qxc4 21. Nc1 Bb4 22. Qd1 Nxb2 23. Bxc4 Nxd1 24. Rxd1 Rxc4 0-1

[Event "Kstovo"]
[Site "Kstovo"]
[Date "2011.09.07"]
[Round "7"]
[White "Senin, Sergey"]
[Black "Krivonogov, Alexander"]
[Result "1-0"]
[WhiteElo "2161"]
[BlackElo "2246"]
[PlyCount "45"]
[EventDate "2011.09.03"]
[EventType "tourn"]
[EventRounds "9"]
[EventCountry "RUS"]
[SourceTitle "EXT 2013"]
[Source "ChessBase"]
[SourceDate "2012.11.22"]
[SourceVersion "1"]
[SourceVersionDate "2012.11.22"]
[SourceQuality "1"]

1. d4 Nf6 2. Nf3 g6 3. c4 Bg7 4. d5 d6 5. Nc3 Nbd7 6. g3 a5 7. Be3 0-0 8. Rc1 e5 9. dxe6 fxe6 10. Bh3 Qe7 11. 0-0 b6 12. a3 Nc5 13. b4 axb4 14. axb4 Nfe4 15. Nxe4 Nxe4 16. Qd3 Nf6 17. c5 bxc5 18. bxc5 Ba6 19. Qc2 Nd5 20. Bg5 Qf7 21. Qe4 Rae8 22. Bd2 h6 23. Nh4 1-0

[Event "Kstovo"]
[Site "Kstovo"]
[Date "2011.09.06"]
[Round "4"]
[White "Shadrina, Tatiana"]
[Black "Krivonogov, Alexander"]
[Result "1/2-1/2"]
[WhiteElo "2378"]
[BlackElo "2246"]
[PlyCount "40"]
[EventDate "2011.09.03"]
[EventType "tourn"]
[EventRounds "9"]
[EventCountry "RUS"]
[SourceTitle "EXT 2013"]
[Source "ChessBase"]
[SourceDate "2012.11.22"]
[SourceVersion "1"]
[SourceVersionDate "2012.11.22"]
[SourceQuality "1"]

1. e4 Nf6 2. e5 Nd5 3. d4 d6 4. Nf3 g6 5. Bc4 c6 6. 0-0 Bg7 7. exd6 Qxd6 8. c3 0-0 9. Bg5 b5 10. Bd3 Bf5 11. a4 b4 12. Re1 Nd7 13. c4 N5f6 14. c5 Qd5 15. Ba6 Bg4 16. Nbd2 Qxg5 17. Nxg5 Bxd1 18. Raxd1 Rae8 19. Nc4 Nb8 20. Bb7 Nfd7 1/2-1/2

[Event "Kstovo"]
[Site "Kstovo"]
[Date "2011.09.05"]
[Round "3"]
[White "Krivonogov, Alexander"]
[Black "Rozkov, Nikolai"]
[Result "1/2-1/2"]
[WhiteElo "2246"]
[BlackElo "2454"]
[PlyCount "37"]
[EventDate "2011.09.03"]
[EventType "tourn"]
[EventRounds "9"]
[EventCountry "RUS"]
[SourceTitle "EXT 2013"]
[Source "ChessBase"]
[SourceDate "2012.11.22"]
[SourceVersion "1"]
[SourceVersionDate "2012.11.22"]
[SourceQuality "1"]

1. d4 Nf6 2. g3 e6 3. Bg2 c5 4. Nf3 Nc6 5. 0-0 cxd4 6. Nxd4 Qb6 7. Nb3 d5 8. Be3 Qc7 9. Nc3 Be7 10. a4 0-0 11. Nb5 Qd8 12. a5 Bd7 13. a6 bxa6 14. Rxa6 Nb8 15. Rxa7 Rxa7 16. Nxa7 Ng4 17. Bd4 e5 18. h3 exd4 19. hxg4 1/2-1/2

[Event "Kstovo Chess Hopes op"]
[Site "Kstovo"]
[Date "2011.06.24"]
[Round "7"]
[White "Teterin, Sergey"]
[Black "Krivonogov, Alexander"]
[Result "0-1"]
[WhiteElo "2112"]
[BlackElo "2213"]
[PlyCount "82"]
[EventDate "2011.06.18"]
[EventType "swiss"]
[EventRounds "9"]
[EventCountry "RUS"]
[SourceTitle "EXT 2012"]
[Source "ChessBase"]
[SourceDate "2011.11.24"]
[SourceVersion "1"]
[SourceVersionDate "2011.11.24"]
[SourceQuality "1"]

1. e4 d6 2. d4 Nf6 3. Bd3 e5 4. c3 Be7 5. Nf3 Nbd7 6. 0-0 c6 7. Nbd2 0-0 8. Re1 Qc7 9. Nf1 Re8 10. Ng3 Bf8 11. Bg5 b5 12. a4 Rb8 13. axb5 cxb5 14. Nf5 a6 15. Qd2 Bb7 16. d5 Kh8 17. Ne3 Bc8 18. Rec1 Nc5 19. Qc2 Ng4 20. h3 Nxe3 21. Bxe3 g6 22. b4 Nxd3 23. Qxd3 Qb7 24. Nd2 f5 25. Nb3 fxe4 26. Qd2 Bd7 27. Na5 Qa8 28. c4 bxc4 29. Nxc4 Bb5 30. Na5 Rbc8 31. Bg5 Rxc1+ 32. Rxc1 Rc8 33. Bf6+ Kg8 34. Nc6 Qb7 35. Be7 Bxc6 36. Bxf8 Kxf8 37. dxc6 Rxc6 38. Rf1 Kg7 39. Kh1 Qb5 40. Rd1 Qd3 41. Qe1 Qc4 0-1

[Event "Kstovo Chess Hopes op"]
[Site "Kstovo"]
[Date "2011.06.23"]
[Round "5"]
[White "Gorozhanin, Mikhail"]
[Black "Krivonogov, Alexander"]
[Result "1-0"]
[WhiteElo "2193"]
[BlackElo "2213"]
[PlyCount "53"]
[EventDate "2011.06.18"]
[EventType "swiss"]
[EventRounds "9"]
[EventCountry "RUS"]
[SourceTitle "EXT 2012"]
[Source "ChessBase"]
[SourceDate "2011.11.24"]
[SourceVersion "1"]
[SourceVersionDate "2011.11.24"]
[SourceQuality "1"]

1. d4 Nf6 2. c4 e6 3. Nc3 Bb4 4. e3 b6 5. Nge2 Bb7 6. a3 Be7 7. d5 Ba6 8. Nd4 c5 9. Ndb5 d6 10. dxe6 fxe6 11. Qf3 d5 12. cxd5 exd5 13. Nxd5 Nxd5 14. Qxd5 Qxd5 15. Nc7+ Kf7 16. Nxd5 Bxf1 17. Rxf1 Bd6 18. Ke2 Nc6 19. h3 Rhe8 20. Bd2 Re5 21. Nc3 Nd4+ 22. Kd3 Nb3 23. Rad1 Rd8 24. Kc2 c4 25. Ne2 Nc5 26. Bc3 Ree8 27. Rd4 1-0

[Event "Kstovo Chess Hopes op"]
[Site "Kstovo"]
[Date "2011.06.19"]
[Round "2"]
[White "Krivonogov, Alexander"]
[Black "Jevtushenko, VV."]
[Result "1-0"]
[WhiteElo "2213"]
[BlackElo "1922"]
[PlyCount "39"]
[EventDate "2011.06.18"]
[EventType "swiss"]
[EventRounds "9"]
[EventCountry "RUS"]
[SourceTitle "EXT 2012"]
[Source "ChessBase"]
[SourceDate "2011.11.24"]
[SourceVersion "1"]
[SourceVersionDate "2011.11.24"]
[SourceQuality "1"]

1. d4 Nf6 2. c4 e6 3. g3 d5 4. Bg2 Bb4+ 5. Bd2 Bxd2+ 6. Nxd2 0-0 7. Ngf3 Nbd7 8. 0-0 Rb8 9. Qc2 b6 10. Rac1 c5 11. cxd5 exd5 12. Rfd1 Bb7 13. dxc5 bxc5 14. e3 Qa5 15. Nb3 Qb6 16. Nxc5 Rbc8 17. Nxd7 Rxc2 18. Nxb6 Rxc1 19. Rxc1 axb6 20. Nd4 1-0

[Event "Nizhnij Novgorod Dubinin Memorial 18th"]
[Site "Nizhnij Novgorod"]
[Date "2011.01.03"]
[Round "?"]
[White "Klimychev, Vladimir"]
[Black "Krivonogov, Alexander"]
[Result "1/2-1/2"]
[WhiteElo "1995"]
[BlackElo "2216"]
[PlyCount "30"]
[EventDate "2011.01.03"]
[EventType "swiss"]
[EventRounds "9"]
[EventCountry "RUS"]
[SourceTitle "EXT 2012"]
[Source "ChessBase"]
[SourceDate "2011.11.24"]
[SourceVersion "1"]
[SourceVersionDate "2011.11.24"]
[SourceQuality "1"]

1. e4 Nf6 2. e5 Nd5 3. d4 d6 4. Nf3 g6 5. Bc4 c6 6. 0-0 Bg7 7. exd6 Qxd6 8. Re1 0-0 9. Nbd2 b5 10. Bb3 a5 11. a4 b4 12. Ne4 Qc7 13. Be3 Bf5 14. Nc5 Nd7 15. Nxd7 Bxd7 1/2-1/2

[Event "Nizhnij Novgorod Dubinin Memorial 18th"]
[Site "Nizhnij Novgorod"]
[Date "2011.01.03"]
[Round "?"]
[White "Krivonogov, Alexander"]
[Black "Agishev, Ruslan"]
[Result "1/2-1/2"]
[WhiteElo "2216"]
[BlackElo "1953"]
[PlyCount "30"]
[EventDate "2011.01.03"]
[EventType "swiss"]
[EventRounds "9"]
[EventCountry "RUS"]
[SourceTitle "EXT 2012"]
[Source "ChessBase"]
[SourceDate "2011.11.24"]
[SourceVersion "1"]
[SourceVersionDate "2011.11.24"]
[SourceQuality "1"]

1. Nf3 e6 2. g3 f5 3. Bg2 Nf6 4. d4 Be7 5. c4 d6 6. Nc3 0-0 7. Qc2 Nc6 8. a3 e5 9. d5 Nb8 10. Bg5 Ng4 11. h3 Nf6 12. Bxf6 Bxf6 13. e4 f4 14. g4 Nd7 15. 0-0-0 a5 1/2-1/2

[Event "Nizhnij Novgorod Dubinin Memorial 18th"]
[Site "Nizhnij Novgorod"]
[Date "2011.01.03"]
[Round "?"]
[White "Krivonogov, Alexander"]
[Black "Gorishniy, Yuri"]
[Result "1-0"]
[WhiteElo "2216"]
[BlackElo "2143"]
[PlyCount "29"]
[EventDate "2011.01.03"]
[EventType "swiss"]
[EventRounds "9"]
[EventCountry "RUS"]
[SourceTitle "EXT 2012"]
[Source "ChessBase"]
[SourceDate "2011.11.24"]
[SourceVersion "1"]
[SourceVersionDate "2011.11.24"]
[SourceQuality "1"]

1. Nf3 Nf6 2. g3 g6 3. Bg2 Bg7 4. c4 0-0 5. Nc3 d6 6. 0-0 e5 7. d3 Nc6 8. Rb1 a5 9. a3 h6 10. b4 axb4 11. axb4 Be6 12. e4 Qc8 13. Nd5 Bxd5 14. cxd5 Ne7 15. b5 1-0

[Event "Nizhnij Novgorod Dubinin Memorial 18th"]
[Site "Nizhnij Novgorod"]
[Date "2011.01.03"]
[Round "?"]
[White "Rakov, Anatoly"]
[Black "Krivonogov, Alexander"]
[Result "1/2-1/2"]
[WhiteElo "2082"]
[BlackElo "2216"]
[PlyCount "30"]
[EventDate "2011.01.03"]
[EventType "swiss"]
[EventRounds "9"]
[EventCountry "RUS"]
[SourceTitle "EXT 2012"]
[Source "ChessBase"]
[SourceDate "2011.11.24"]
[SourceVersion "1"]
[SourceVersionDate "2011.11.24"]
[SourceQuality "1"]

1. d4 Nf6 2. Nf3 g6 3. c3 Bg7 4. Bf4 0-0 5. Nbd2 d6 6. e4 Nbd7 7. Bc4 c6 8. a4 Qc7 9. e5 Nh5 10. exd6 exd6 11. Be3 d5 12. Be2 Nf4 13. Bf1 b6 14. g3 Ne6 15. Be2 c5 1/2-1/2

[Event "Kstovo op"]
[Site "Kstovo"]
[Date "2010.09.10"]
[Round "7"]
[White "Krivonogov, Alexander"]
[Black "Kozyrev, Daniil"]
[Result "1/2-1/2"]
[WhiteElo "2202"]
[BlackElo "2142"]
[PlyCount "77"]
[EventDate "2010.09.04"]
[EventType "swiss"]
[EventRounds "9"]
[EventCountry "RUS"]
[SourceTitle "EXT 2014"]
[Source "ChessBase"]
[SourceDate "2013.11.20"]
[SourceVersion "1"]
[SourceVersionDate "2013.11.20"]
[SourceQuality "1"]

1. Nf3 Nf6 2. g3 e6 3. Bg2 d5 4. d4 Be7 5. 0-0 0-0 6. c4 b6 7. cxd5 exd5 8. Nc3 Bb7 9. Bf4 Nbd7 10. Nb5 c6 11. Nd6 Bxd6 12. Bxd6 Re8 13. Bf4 Qe7 14. Re1 Ne4 15. Nd2 Ndf6 16. Nxe4 Nxe4 17. f3 Nf6 18. Qd3 Rad8 19. Rac1 Qb4 20. Qd2 Qb5 21. Bf1 Qa4 22. Rc3 Qb4 23. Ra3 Qxd2 24. Bxd2 a6 25. Rb3 b5 26. Ba5 Ra8 27. Rc3 Re7 28. Kf2 g5 29. Rc2 Kg7 30. Bb4 Ree8 31. a4 h5 32. a5 Re6 33. Bd2 Kg6 34. h4 g4 35. Bf4 Rae8 36. Rec1 R8e7 37. Bg5 Re8 38. Bxf6 Kxf6 39. Bg2 1/2-1/2

[Event "Kstovo op"]
[Site "Kstovo"]
[Date "2010.09.06"]
[Round "3"]
[White "Krivonogov, Alexander"]
[Black "Sobiev, Dmitry M"]
[Result "1-0"]
[WhiteElo "2202"]
[BlackElo "1852"]
[PlyCount "81"]
[EventDate "2010.09.04"]
[EventType "swiss"]
[EventRounds "9"]
[EventCountry "RUS"]
[SourceTitle "EXT 2014"]
[Source "ChessBase"]
[SourceDate "2013.11.20"]
[SourceVersion "1"]
[SourceVersionDate "2013.11.20"]
[SourceQuality "1"]

1. c4 c6 2. d4 d5 3. cxd5 cxd5 4. Nc3 Nf6 5. Bf4 Nc6 6. e3 e6 7. Bd3 Be7 8. h3 Bd7 9. Nf3 Rc8 10. 0-0 Na5 11. Ne5 Nc4 12. Qe2 b5 13. Nxd7 Qxd7 14. b3 Bb4 15. Rfc1 Bxc3 16. Rxc3 b4 17. Rcc1 Na3 18. Qd2 a5 19. Rxc8+ Qxc8 20. Rc1 Qa8 21. Rc5 0-0 22. Bc7 Rc8 23. Rxa5 Qb7 24. Bd6 Nc4 25. bxc4 dxc4 26. Qxb4 Qxb4 27. Bxb4 cxd3 28. Ra3 Nd5 29. Bd2 f5 30. Rxd3 Rc2 31. a3 Kf7 32. f3 h6 33. e4 fxe4 34. fxe4 Nf6 35. e5 Nd5 36. Kf1 Kg6 37. g4 h5 38. Ke1 Rc4 39. Ke2 hxg4 40. hxg4 Ra4 41. Kf3 1-0

[Event "Kstovo Kichigin Memorial op"]
[Site "Kstovo"]
[Date "2010.02.??"]
[Round "8"]
[White "Gorozhanin, Mikhail"]
[Black "Krivonogov, Alexander"]
[Result "0-1"]
[WhiteElo "2125"]
[BlackElo "2202"]
[PlyCount "60"]
[EventDate "2010.02.??"]
[EventType "swiss"]
[EventRounds "9"]
[EventCountry "RUS"]
[SourceTitle "EXT 2014"]
[Source "ChessBase"]
[SourceDate "2013.11.20"]
[SourceVersion "1"]
[SourceVersionDate "2013.11.20"]
[SourceQuality "1"]

1. d4 Nf6 2. Nf3 c5 3. d5 e6 4. c4 b5 5. dxe6 fxe6 6. cxb5 Bb7 7. Nc3 d5 8. e3 Bd6 9. Be2 0-0 10. 0-0 Qe7 11. Qb3 Nbd7 12. Rd1 Ng4 13. h3 Nge5 14. Nxe5 Nxe5 15. f4 Nd7 16. Bf3 c4 17. Qc2 Rac8 18. Qe2 Bc5 19. Kh1 Nf6 20. Bd2 e5 21. Be1 Kh8 22. Bg3 e4 23. Bg4 Nxg4 24. hxg4 Rfd8 25. Bf2 g5 26. f5 Qe5 27. Rd2 Rd6 28. Kg1 Rh6 29. Rad1 Bd6 30. Nxd5 Rh1+ 0-1